Postavenie účtovnej profesie v národnom a nadnárodnom meradle diplomová práca

Salvato in:
Dettagli Bibliografici
Autore principale: Šišková, Denisa
Ente Autore: Fakulta hospodárskej informatiky EU. Katedra účtovníctva a audítorstva
Altri autori: Krišková, Petra, 1981-
Natura: Libro
Lingua:slovacco
Pubblicazione: Bratislava 2019
Tags: Aggiungi Tag
Nessun Tag, puoi essere il primo ad aggiungerne!!

MARC

LEADER 00000nbm a2200000 4500
001 0254199
005 20200113081313.2
041 0 |a slo 
044 |a SK 
245 1 0 |a Postavenie účtovnej profesie v národnom a nadnárodnom meradle  |b diplomová práca  |c Denisa Šišková ; školiteľ: Petra Krišková 
264 1 |a Bratislava  |c 2019 
300 |a 68 s. 
100 1 |a Šišková, Denisa 
700 1 |a Krišková, Petra, 1981- 
710 2 |a Fakulta hospodárskej informatiky EU. Katedra účtovníctva a audítorstva